00645 a2200169 4500003000500000005001700005040000900022082001600031100003900047245013400086260003300220300001500253505014600268650001600414651001200430700003300442NUST20251121141956.0 cNust a621.382,KHA aKhalid , Muhammad Bilal (TCC-17A) aThink . Done A Brain computer interface (BCI) /cMuhammad Bilal Khalid, Intisar Rizwan-i- Haque, Sarmad Munir and Farhan Tahir  aRawalpindibMCS (NUST)c2009 aix, 60 p.; aIntroduction (Page-1), Literature Review (Page-12), What we Have Done in each Module (Page-14), Applications (Page-62), References (Page-65). aUG Projects aTCC-17A aSupervised by Dr. Naveed Rao